Comunicación y cultura: una perspectiva interdisciplinaria /
Enregistré dans:
| Auteur principal: | |
|---|---|
| Autres auteurs: | |
| Format: | Inconnue |
| Publié: |
DEI :
|
| Sujets: | |
| Tags: |
Ajouter un tag
Pas de tags, Soyez le premier à ajouter un tag!
|
MARC
| LEADER | 00000 a2200000 04500 | ||
|---|---|---|---|
| 001 | 32105 | ||
| 003 | |||
| 008 | 991231s d | ||
| 040 | |||
| 020 | |a 9977-83-107-6 | ||
| 022 | |a 9977-83-107-6 | ||
| 090 | |a 200101 | ||
| 100 | |a Vega J, Patricia | ||
| 245 | |a Comunicación y cultura: una perspectiva interdisciplinaria / |c Patricia Vega J. | ||
| 260 | |a DEI : | ||
| 300 | |a 162 p. | ||
| 500 | |a Disponible también en: Revista de Ciencias Sociales, n° 72, junio 1996, NA127409 pp. 95-104 | ||
| 650 | |a MEDIOS DE COMUNICACION DE MASAS | ||
| 650 | |a INFLUENCIA SOCIAL | ||
| 650 | |a INVESTIGACION SOCIAL | ||
| 650 | |a TEORIA | ||
| 650 | |a IDEOLOGIAS | ||
| 650 | |a METODOS DE INVESTIGACION | ||
| 650 | |a INVESTIGACION PARTICIPATIVA | ||
| 650 | |a PERIODISMO | ||
| 650 | |a DISCURSOS | ||
| 650 | |a ANALISIS DE LA INFORMACION | ||
| 700 | |a | ||
| 700 | |a Carazo B, Carolina | ||
| 700 | |a | ||
| 999 | |c 14312 |d 14312 | ||



